El enigma Tunguska /
Salvato in:
| Autore principale: | |
|---|---|
| Natura: | Elettronico eBook |
| Lingua: | spagnolo |
| Pubblicazione: |
Madrid :
Nowtilus,
[2006]
|
| Edizione: | Primera edición. |
| Serie: | Nowtilus frontera. Investigación abierta
|
| Soggetti: | |
| Accesso online: | Digitalia Hispánica |
| Tags: |
Aggiungi Tag
Nessun Tag, puoi essere il primo ad aggiungerne!!
|
MARC
| LEADER | 00000nam a2200000Ii 4500 | ||
|---|---|---|---|
| 001 | DIGNOWT0018 | ||
| 003 | NyNyDIG | ||
| 007 | cr ||||||||||| | ||
| 008 | 220520s2006 sp ab ob 000 0 spa d | ||
| 035 | |a (OCoLC)867769618 | ||
| 040 | |a DGITA |b eng |e rda |e pn |c DGITA | ||
| 020 | |a 9788497632904 |q eBook |q ePub | ||
| 020 | |z 9788497632898 | ||
| 043 | |a e-ru--- | ||
| 050 | 1 | 4 | |a QB756.T8 ebook |
| 100 | 1 | |a Las Heras, Antonio, |e author. | |
| 245 | 1 | 3 | |a El enigma Tunguska / |c Antonio Las Heras. |
| 250 | |a Primera edición. | ||
| 264 | 1 | |a Madrid : |b Nowtilus, |c [2006] | |
| 300 | |a 1 online resource : |b illustrations, maps. | ||
| 336 | |a text |b txt |2 rdacontent | ||
| 336 | |a still image |2 rdacontent | ||
| 337 | |a computer |b c |2 rdamedia | ||
| 338 | |a online resource |b cr |2 rdacarrier | ||
| 347 | |a text file |2 rdaft | ||
| 347 | |b EPUB | ||
| 490 | 1 | |a Serie: Nowtilus frontera. Colección: Investigación abierta | |
| 500 | |a "El misterio del inexplicable cataclismo que arrasó los bosques de Siberia." | ||
| 504 | |a Includes bibliographical references. | ||
| 588 | 0 | |a Online resource; title from ePub title page (Digitalia, viewed May 20, 2022) | |
| 650 | 0 | |a Tunguska meteorite. | |
| 650 | 0 | |a Meteorites. | |
| 651 | 0 | |a Siberia (Russia) | |
| 655 | 0 | |a Electronic books. | |
| 776 | 0 | 8 | |i Print version: |a Las Heras, Antonio. |t Enigma Tunguska. |b Primera edición. |d Madrid : Nowtilus, [2006] |z 9788497632898 |
| 791 | 2 | |a Digitalia (Firm), |e distributor. | |
| 793 | 0 | |g Digitalia eBook Collection: |a Ediciones Nowtilus | |
| 830 | 0 | |a Nowtilus frontera. |p Investigación abierta | |
| 856 | 4 | 0 | |3 Digitalia Hispánica |u https://digitalia.unach.elogim.com/a/84375/ |
| 910 | |a Premium collection: 2022 | ||